[Event "SVK-ch U18/20"]
[Site "Tatralandia"]
[Date "2024.04.07"]
[Round "3"]
[White "Zatko, Slavomir"]
[Black "Mitas, Daniel"]
[Result "1-0"]
[WhiteElo "1684"]
[BlackElo "1614"]
[PlyCount "117"]
[EventDate "2024.04.05"]
[EventType "swiss"]
[EventRounds "9"]
[EventCountry "SVK"]
[SourceTitle "CBM 219 Extra"]
[Source "ChessBase"]
[SourceDate "2024.05.31"]
[SourceVersion "1"]
[SourceVersionDate "2024.05.31"]
[SourceQuality "1"]

1. e4 c6 2. d3 d5 3. Nf3 dxe4 4. Ng5 Nf6 5. Nxe4 Nxe4 6. dxe4 Qxd1+ 7. Kxd1 e5 8. Nc3 Bc5 9. Bc4 0-0 10. Rf1 b5 11. Bb3 Ba6 12. Be3 b4 13. Ne2 Bxe3 14. fxe3 Nd7 15. a3 bxa3 16. Rxa3 Bxe2+ 17. Kxe2 Nc5 18. Ba2 Nxe4 19. Ra5 Nd6 20. Rxe5 Kh8 21. Re7 f6 22. Rd1 Nf5 23. Rc7 Rfe8 24. Rd3 Rec8 25. Rxc8+ Rxc8 26. Be6 Rb8 27. Bxf5 g6 28. Be6 Rxb2 29. Bb3 c5 30. Kd2 Rb1 31. Rd8+ Kg7 32. Rd7+ Kh6 33. Rxa7 f5 34. Bg8 Rb8 35. Rxh7+ Kg5 36. Bc4 Rd8+ 37. Ke2 Re8 38. Kf3 Rf8 39. Rf7 Rh8 40. h3 Rh4 41. Bf1 Rb4 42. g3 Rb2 43. h4+ Kh6 44. g4 fxg4+ 45. Kxg4 Rxc2 46. Bd3 Rd2 47. Be4 Re2 48. Kf3 Re1 49. Kf2 Ra1 50. Rf6 Ra2+ 51. Kg3 Ra4 52. Rxg6+ Kh5 53. Rg5+ Kh6 54. Kf4 c4 55. Rc5 Kg7 56. Kf5 Ra3 57. Rc7+ Kh6 58. Kg4 Rxe3 59. Rh7# 1-0

[Event "SVK-ch U18/20"]
[Site "Tatralandia"]
[Date "2024.04.05"]
[Round "1"]
[White "Bidulsky, Matej"]
[Black "Mitas, Daniel"]
[Result "1-0"]
[WhiteElo "2041"]
[BlackElo "1614"]
[PlyCount "41"]
[EventDate "2024.04.05"]
[EventType "swiss"]
[EventRounds "9"]
[EventCountry "SVK"]
[SourceTitle "CBM 219 Extra"]
[Source "ChessBase"]
[SourceDate "2024.05.31"]
[SourceVersion "1"]
[SourceVersionDate "2024.05.31"]
[SourceQuality "1"]

1. e4 c6 2. c4 d5 3. cxd5 cxd5 4. exd5 Nf6 5. Bb5+ Bd7 6. Bc4 Qc7 7. d3 g6 8. Nc3 Bg7 9. Qb3 0-0 10. Nge2 a6 11. Bf4 Qc8 12. a4 Be8 13. Qb4 Qd7 14. 0-0 Nh5 15. Rfe1 Kh8 16. Bxb8 Rxb8 17. Ng3 Bf6 18. Nce4 Bd4 19. Nxh5 gxh5 20. Bxa6 Qf5 21. Qxd4+ 1-0

[Event "SVK-ch U20"]
[Site "Dudince"]
[Date "2023.04.16"]
[Round "1"]
[White "Zdrazil, Patrik"]
[Black "Mitas, Daniel"]
[Result "1-0"]
[WhiteElo "2005"]
[BlackElo "1361"]
[PlyCount "71"]
[EventDate "2023.04.16"]
[EventType "tourn"]
[EventRounds "9"]
[EventCountry "SVK"]
[SourceTitle "CBM 213 Extra"]
[Source "ChessBase"]
[SourceDate "2023.05.31"]
[SourceVersion "1"]
[SourceVersionDate "2023.05.31"]
[SourceQuality "1"]

1. e4 c6 2. Nc3 d5 3. Nf3 Bg4 4. h3 Bh5 5. g4 Bg6 6. exd5 cxd5 7. Ne5 Nc6 8. Bb5 Rc8 9. d4 e6 10. Bf4 Bd6 11. Qd2 Nf6 12. 0-0 0-0 13. Rfe1 Bxe5 14. dxe5 Ne4 15. Nxe4 Bxe4 16. c3 f6 17. Bd3 fxe5 18. Bg5 Qb6 19. Bxe4 dxe4 20. Rxe4 h6 21. Bh4 Rf3 22. Kg2 Rcf8 23. Rae1 g5 24. Bg3 Rd8 25. Qc2 Rdd3 26. Rd1 Rxd1 27. Qxd1 Rf8 28. Qe2 Qa5 29. b4 Qd5 30. b5 Nd8 31. c4 Qd7 32. Rxe5 Rf6 33. Rc5 Qe7 34. Rc7 Qe8 35. Qe4 Qf8 36. Qh7# 1-0

[Event "SVK-chT5 A22 2223"]
[Site "Slovakia"]
[Date "2023.03.18"]
[Round "9.1"]
[White "Mitas, Daniel"]
[Black "Vargaova, Veronika"]
[Result "1/2-1/2"]
[WhiteElo "1379"]
[BlackElo "1347"]
[PlyCount "41"]
[EventDate "2022.10.15"]
[EventType "team-tourn"]
[EventRounds "9"]
[EventCountry "SVK"]
[SourceTitle "EXT 2024"]
[Source "ChessBase"]
[SourceDate "2023.10.10"]
[SourceVersion "1"]
[SourceVersionDate "2023.10.10"]
[SourceQuality "1"]
[WhiteTeam "Surovce Juniors"]
[BlackTeam "Dunajska Streda IV"]
[WhiteTeamCountry "SVK"]
[BlackTeamCountry "SVK"]

1. d4 d5 2. c4 Nf6 3. Nc3 e6 4. Bg5 Be7 5. e3 h6 6. Bh4 b6 7. Nf3 Bb7 8. Be2 0-0 9. 0-0 c6 10. Rc1 Nbd7 11. Qc2 Qc7 12. e4 dxe4 13. Nxe4 Qf4 14. Bd3 Rfe8 15. Nxf6+ Bxf6 16. Bxf6 Nxf6 17. Ne5 Re7 18. Rfd1 Qg5 19. f3 Kh8 20. Bg6 Kg8 21. Bd3 1/2-1/2

[Event "SVK-chT5 A22 2223"]
[Site "Slovakia"]
[Date "2022.12.17"]
[Round "4.1"]
[White "Nemec, Pavol"]
[Black "Mitas, Daniel"]
[Result "1-0"]
[WhiteElo "1739"]
[BlackElo "1379"]
[PlyCount "53"]
[EventDate "2022.10.15"]
[EventType "team-tourn"]
[EventRounds "9"]
[EventCountry "SVK"]
[SourceTitle "EXT 2024"]
[Source "ChessBase"]
[SourceDate "2023.10.10"]
[SourceVersion "1"]
[SourceVersionDate "2023.10.10"]
[SourceQuality "1"]
[WhiteTeam "Pecenady"]
[BlackTeam "Surovce Juniors"]
[WhiteTeamCountry "SVK"]
[BlackTeamCountry "SVK"]

1. e4 c6 2. Bc4 d5 3. exd5 cxd5 4. Bb3 Nc6 5. c3 Bf5 6. d4 e6 7. Nf3 Nf6 8. h3 h6 9. 0-0 Bd6 10. Qe2 0-0 11. Ne5 Qc7 12. f4 Ne4 13. Qf3 Rae8 14. Nd2 f6 15. Ng4 Kh8 16. Nxe4 Bxe4 17. Qe3 h5 18. Nf2 e5 19. Nxe4 exd4 20. Qf3 Qd7 21. Qxh5+ Kg8 22. Bxd5+ Rf7 23. Bxf7+ Qxf7 24. Qxf7+ Kxf7 25. Nxd6+ Kf8 26. Nxe8 Kxe8 27. Re1+ 1-0

[Event "SVK-chT5 A22 2223"]
[Site "Slovakia"]
[Date "2022.12.03"]
[Round "3.1"]
[White "Mitas, Daniel"]
[Black "Fajnor, Dusan"]
[Result "1-0"]
[WhiteElo "1333"]
[BlackElo "1625"]
[PlyCount "67"]
[EventDate "2022.10.15"]
[EventType "team-tourn"]
[EventRounds "9"]
[EventCountry "SVK"]
[SourceTitle "EXT 2024"]
[Source "ChessBase"]
[SourceDate "2023.10.10"]
[SourceVersion "1"]
[SourceVersionDate "2023.10.10"]
[SourceQuality "1"]
[WhiteTeam "Surovce Juniors"]
[BlackTeam "Trnava Lokomotiva III"]
[WhiteTeamCountry "SVK"]
[BlackTeamCountry "SVK"]

1. d4 d5 2. c4 dxc4 3. e4 b5 4. a4 c6 5. axb5 cxb5 6. Nc3 a6 7. Nxb5 Bb7 8. Nc3 Nc6 9. d5 Ne5 10. Bf4 Ng6 11. Be3 Rc8 12. Nf3 Nf6 13. Qa4+ Qd7 14. Bxc4 Ra8 15. 0-0 h5 16. Rfd1 Ng4 17. Qxd7+ Kxd7 18. Bd2 N6e5 19. Nxe5+ Nxe5 20. b3 g6 21. Bf4 Bg7 22. Rdc1 Rhc8 23. Bxe5 Bxe5 24. Ra2 f6 25. Rd2 Bf4 26. Rdc2 Bxc1 27. Rxc1 Kd6 28. Na4 Rc7 29. f4 a5 30. Re1 Ba6 31. e5+ Kd7 32. Nb6+ Kd8 33. Nxa8 Bxc4 34. Nxc7 1-0